000 00665nam a2200265Ia 4500
003 OSt
005 20221006142459.0
006 a|||||r|||| 00| 0
007 ta
008 221006b |||||||| |||| 00| 0 eng d
020 _c
_3.50
024 _a6,443
037 _cTextual
040 _aEASL
_cEASL
_beng
041 _2eng
_aeng
082 _aY.41.N5, J6
100 _aMARTINSON Harold H
_9647806
245 0 _aRed dragon over China
260 _aHong Kong
_bAugsburg Pub.
_c1956
300 _a328p.
_ccm.
490 _v CEL
650 _aCEL
942 _hY.41.N5, J6
_cTEXL
_2CC
999 _c1074529
_d1074529